The Literary Merit of George Orwell´s “Animal Farm“ bakalárska práca

Salvato in:
Dettagli Bibliografici
Autore principale: Pešadíková, Svetlana
Ente Autore: Fakulta aplikovaných jazykov EU v Bratislave. Katedra interkultúrnej komunikácie
Altri autori: Stradiotová, Eva, 1963-
Natura: Libro
Lingua:inglese
Pubblicazione: Bratislava 2018
Tags: Aggiungi Tag
Nessun Tag, puoi essere il primo ad aggiungerne!!

MARC

LEADER 00000nbm a2200000 4500
001 0244042
005 20180913144745.7
041 0 |a eng 
044 |a SK 
245 1 0 |a The Literary Merit of George Orwell´s “Animal Farm“  |b bakalárska práca  |c Svetlana Pešadíková ; školiteľ: Eva Stradiotová 
264 1 |a Bratislava  |c 2018 
300 |a 37 s. 
100 1 |a Pešadíková, Svetlana 
700 1 |a Stradiotová, Eva, 1963- 
710 2 |a Fakulta aplikovaných jazykov EU v Bratislave. Katedra interkultúrnej komunikácie